Mística y espiritualidad
Spremljeno u:
| Glavni autori: | , |
|---|---|
| Format: | Knjiga |
| Jezik: | španjolski |
| Izdano: |
Madrid
Trotta
1996
|
| Teme: | |
| Oznake: |
Dodaj oznaku
Bez oznaka, Budi prvi tko označuje ovaj zapis!
|
MARC
| LEADER | 00000nam a2200000 a 4500 | ||
|---|---|---|---|
| 001 | UCR9016 | ||
| 003 | CL-VaPUC | ||
| 008 | 980605e19960000SP |||||||||||||||||spa|d | ||
| 082 | 0 | 4 | |a 248.2 |b BOF |2 21 |
| 100 | 0 | |a Boff, Leonardo |e author |9 411131 | |
| 700 | 0 | |a Betto, Frei |e author |9 411132 | |
| 245 | 1 | 0 | |a Mística y espiritualidad |
| 300 | |a 142 p | ||
| 942 | |c BK | ||
| 945 | |d 19980605 00:00:00 |a aalvarez | ||
| 260 | |a Madrid |b Trotta |c 1996 | ||
| 650 | 0 | |a Misticismo |9 265505 | |
| 650 | 0 | |a Espiritualidad |9 267331 | |
| 583 | |a last modification |c 19980605 00:00:00 |k Rodrigo Vera | ||
| 999 | |c 270266 |d 270264 | ||
| 952 | |0 0 |1 0 |4 0 |6 248_200000000000000_BOF_1996 |7 0 |8 A |9 304448 |a BIBTEO |b BIBTEO |d 2019-11-20 |i 3421279 |o 248.2 BOF 1996 |p 3421279 |r 2025-01-17 |w 2019-11-20 |y BK |k ICR | ||